Rozhodni se být zdráv /
Jeden z nejuznávanějších představitelů funkční medicíny v knize přináší informace o našich vlastních možnostech, jak pozitivně působit na zdraví svého těla i duše.
Uloženo v:
| Hlavní autor: | |
|---|---|
| Médium: | E-kniha |
| Jazyk: | Czech |
| Vydáno: |
V Brně :
CPress,
2021
|
| Vydání: | 1. vydání |
| Témata: | |
| Tagy: |
Žádné tagy |
| LEADER | 02333nam a2200577 i 4500 | ||
|---|---|---|---|
| 001 | 311425 | ||
| 003 | CZ PrSKC | ||
| 005 | 20260601215705.0 | ||
| 007 | ta | ||
| 008 | 211008s2021 xr ac e f 000 0 cze | ||
| 015 | |a cnb003365775 | ||
| 020 | |a 9788026437840 |q (brožováno) : |c Kč 399,00 | ||
| 035 | |a (OCoLC)1288052554 | ||
| 035 | |a (OCoLC)1291383287 | ||
| 040 | |a BOA001 |b cze |e rda | ||
| 072 | 7 | |a 613 |x Hygiena. Lidské zdraví |2 Konspekt | |
| 080 | |a 613 |2 MRF | ||
| 080 | |a 159.9.016.1 |2 MRF | ||
| 080 | |a 613.86:616 |2 MRF | ||
| 080 | |a 615.8-022.214 |2 MRF | ||
| 080 | |a (0.062) |2 MRF | ||
| 080 | |a (047.53) |2 MRF | ||
| 100 | 1 | |a Vojáček, Jan, |d 1981- |7 xx0241594 |4 aut | |
| 245 | 1 | 0 | |a Rozhodni se být zdráv / |c Jan Vojáček |
| 250 | |a 1. vydání | ||
| 264 | 1 | |a V Brně : |b CPress, |c 2021 | |
| 300 | |a 248 stran : |b barevné ilustrace, portréty ; |c 21 cm | ||
| 336 | |a text |b txt |2 rdacontent | ||
| 337 | |a bez média |b n |2 rdamedia | ||
| 338 | |a svazek |b nc |2 rdacarrier | ||
| 520 | 2 | |a Jeden z nejuznávanějších představitelů funkční medicíny v knize přináší informace o našich vlastních možnostech, jak pozitivně působit na zdraví svého těla i duše. | |
| 650 | 0 | 7 | |a péče o zdraví |7 ph124852 |2 czenas |
| 650 | 0 | 7 | |a zdravý životní styl |7 ph127592 |2 czenas |
| 650 | 0 | 7 | |a mysl a tělo |7 ph135558 |2 czenas |
| 650 | 0 | 7 | |a psychosomatika |7 ph124823 |2 czenas |
| 650 | 0 | 7 | |a autoterapie |7 ph221954 |2 czenas |
| 650 | 0 | 9 | |a health care |2 eczenas |
| 650 | 0 | 9 | |a healthy lifestyle |2 eczenas |
| 650 | 0 | 9 | |a mind and body |2 eczenas |
| 650 | 0 | 9 | |a psychosomatics |2 eczenas |
| 650 | 0 | 9 | |a autotherapy |2 eczenas |
| 655 | 7 | |a populárně-naučné publikace |7 fd131864 |2 czenas | |
| 655 | 7 | |a rozhovory |7 fd133303 |2 czenas | |
| 655 | 9 | |a popular works |2 eczenas | |
| 655 | 9 | |a interviews |2 eczenas | |
| 900 | |a ABA001 |b 21 | ||
| 928 | 9 | |a Albatros Media - CPress | |
| 044 | |a xr | ||
| 910 | |a RBIT002 | ||
| 998 | |d 336294 |a https://core.palmknihy.cz/api/books/336294/cover?si5vwn |b https://core.palmknihy.cz/api/books/336294/cover/400?si5vwn |c https://core.palmknihy.cz/api/books/336294/cover/50?si5vwn |e 2031-12-31 |g 248 |i 9788026437840 |j https://core.palmknihy.cz/api/books/336294/preview.epub |k https://core.palmknihy.cz/api/books/336294/preview.pdf |l |q 49 |r 1 |s https://www.palmknihy.cz/kniha/336294 |t ebook |y 2021 |z 0 | ||
| 999 | |d 311423 | ||